01435nam a22002897a 4500001000700000003000900007005001700016008004100033040004900074041000800123082001400131100003500145245011700180260006600297300001800363650002700381650001900408700007200427700005400499700005700553942001200610999001900622952012600641952012600767952012600893952012601019113797DR-UNIBE20250630110258.0250627b2015 dr ||||| |||| 00| 0 spa d aBIBLIOTECA UNIBEbspacBIBLIOTECA UNIBEerda aspa aF-RD 59741 aCivolani, Katy eautor919677810aConstruyendo la paz en la escuela : bcuidado y buen trato procesamiento positivo del conflicto /cKaty Civolani aSanto Domingo : bMinisterios de Educación (MINERD) :c2015 a2 volúmenes 72lembaPersonal docente 72lembaEscuelas1 aMontás D´Oleo, Bertha Marcilyediseñador y diagramador91967791 aCeballos, Rita Ma.ecoordinador y revisor91967571 aAdames, Digna Maríaecoordinador y revisor9196780 2ddccMX c113797d113797 00102ddc40708FOL-RDaPrincipald2025-06-30l0oF-RD 5974pF250094r2025-06-30 11:18:54tVol. 1, Ej. 1w2025-06-30yMX 00102ddc40708FOL-RDaPrincipald2025-06-30l0oF-RD 5974pF250095r2025-06-30 11:19:28tVol. 1, Ej. 2w2025-06-30yMX 00102ddc40708FOL-RDaPrincipald2025-06-30l0oF-RD 5974pF250096r2025-06-30 11:26:51tVol. 2, Ej. 1w2025-06-30yMX 00102ddc40708FOL-RDaPrincipald2025-06-30l0oF-RD 5974pF250149r2025-08-05 11:12:21tVol. 2, Ej. 2w2025-06-30yMX